Päivitetty: Haloo Helsinki! tuotanto - Statistics

Yleistilastot
  • Tätä visaa on pelattu 147 kertaa
    64 viimeisimmän päivityksen jälkeen
  • Keskiarvotulos 28 / 85
Vastaustilastot
Levy Kappale % Oikein
Haloo Helsinki! Haloo Helsinki!
87%
Maailma on tehty meitä varten Maailma on tehty meitä varten
83%
Kiitos ei ole kirosana Beibi
81%
Hulluuden highway Hulluuden highway
81%
Kiitos ei ole kirosana Kiitos ei ole kirosana
79%
III Maailman toisella puolen
70%
Joululaulu Joulun kanssas jaan
68%
Texas-EP Texas
68%
Älä pelkää elämää Älä pelkää elämää
66%
Texas-EP Ei suomalaiset tanssi
64%
Älä pelkää elämää Pelikaani
64%
Älä pelkää elämää Reiviluola
60%
Kiitos ei ole kirosana Kuussa tuulee
57%
Maailma on tehty meitä varten Vapaus käteen jää
57%
Maailma on tehty meitä varten Huuda!
55%
Hulluuden highway Rakas
55%
Älä pelkää elämää Foliohattukauppias
51%
III Jos mun pokka pettää
49%
Älä pelkää elämää Tulikärpäset
49%
Haloo Helsinki! Vieri vesi vieri
49%
Single Kaikki päättyy kyyneliin
47%
Älä pelkää elämää Lady Domina
47%
Single Tuntematon
47%
Kiitos ei ole kirosana Pulp Fiction
45%
Texas-EP Kaksi ihmistä
40%
Kiitos ei ole kirosana Köpis 2012
40%
Enemmän kuin elää Linnanmäki palaa
40%
Enemmän kuin elää Ei Eerika pääse taivaaseen
38%
Kiitos ei ole kirosana Kevyempi kantaa
38%
Älä pelkää elämää Kukkameri
38%
Hulluuden highway Oh no let's go
36%
Enemmän kuin elää Eerika
34%
Maailma on tehty meitä varten Carpe diem
32%
Kiitos ei ole kirosana Nainen jonka ympärille tuolit tuodaan
32%
Haloo Helsinki! Perjantai
32%
Maailma on tehty meitä varten Rakkaus
32%
Maailma on tehty meitä varten Avautumisraita
30%
III Kuule minua
30%
Älä pelkää elämää Älä länkytä
28%
Texas-EP Farssi
28%
Älä pelkää elämää Tahdon
28%
Maailma on tehty meitä varten Taivaanlaiva
28%
Kiitos ei ole kirosana Teräslinnut
28%
Kiitos ei ole kirosana Go Saimaa
26%
Älä pelkää elämää Kerran kuussa
26%
III Kokeile minua
26%
Kiitos ei ole kirosana Vihaan kyllästynyt
26%
Hulluuden highway Hei Haloo
23%
Hulluuden highway Kärpästen herra
23%
Hulluuden highway Saatanan zen
23%
Enemmän kuin elää Hukatut miljoonat
21%
Kiitos ei ole kirosana Ihmisen kuvat
21%
Maailma on tehty meitä varten Lähtövalmiina
21%
Maailma on tehty meitä varten Onneton blondi
21%
Haloo Helsinki! Silmät kii
21%
Haloo Helsinki! Yksinäiset
21%
III Hyvää matkaa
19%
Älä pelkää elämää Piilota mun kyyneleet
19%
Hulluuden highway Rakasta mua nyt
19%
Hulluuden highway Terveisin mä
19%
Enemmän kuin elää Valherakkaus
19%
Hulluuden highway Halleluja
17%
Maailma on tehty meitä varten Hetki on kaunis
17%
Enemmän kuin elää Jos elämä ois helppoo
17%
Texas-EP Jukebox (skit)
17%
Enemmän kuin elää Sinisissä valoissa
17%
Hulluuden highway Tää rakkaus ei lopu koskaan
17%
Hulluuden highway Yhdessä ihminen
17%
Haloo Helsinki! Mannerheimintie
15%
III Teidän lapset
15%
Haloo Helsinki! Kaaos ei karkaa
13%
Hulluuden highway Laula lujempaa (show must go on)
13%
III Sairastun sinuun
13%
Maailma on tehty meitä varten Syvälle silmiin
13%
III Viimeinen maalissa
13%
Haloo Helsinki! Melkein sekaisin
11%
III Miltä nyt tuntuu
11%
Enemmän kuin elää Toiset lähtee, toiset jää
11%
Enemmän kuin elää Yksi ilta unohdusta
11%
Haloo Helsinki! Elävät ja kuolleet
9%
III Ihan sattumaa
9%
III Moshpit
9%
Haloo Helsinki! Mua ei oo
9%
Enemmän kuin elää Mun sydän sanoo niin
9%
Haloo Helsinki! Rakkauden jälkeen
6%
Ehtoja vastaavia visoja ei löytynyt
Tulosjakauma
Jokaisen tuloksen saaneiden osuus
Persentiili vastausten määrän mukaan
Tuloshistoriasi
Et ole pelannut tätä visaa sen viimeisimmän päivityksen jälkeen